000 00681nam a2200253Ia 4500
003 OSt
005 20220918163311.0
006 a|||||r|||| 00| 0
007 ta
008 220917b |||||||| |||| 00| 0 eng d
020 _a0 521 36425 6
024 _a29,701
037 _cTextual
040 _aARTS
_cARTS
_beng
041 _2eng
_aeng
082 _aO111,3L71:g, M9
100 _aKerr James
_912561
245 0 _aFiction against history
_b Scott as stories teller
260 _aCambridge
_bCUP UK
_c1989
300 _aix,142p.
_ccm.
650 _aENGLISH LITERATURE
942 _hO111,3L71:g, M9
_cTEXL
_2CC
999 _c118994
_d118994